[Event "WchT Blitz Pool B"]
[Site "London"]
[Date "2025.06.14"]
[Round "1.3"]
[White "Giri, Anish"]
[Black "Le, Tuan Minh"]
[Result "1-0"]
[WhiteElo "2748"]
[BlackElo "2598"]
[PlyCount "111"]
[EventDate "2025.06.14"]
[EventType "team-tourn"]
[EventRounds "13"]
[EventCountry "ENG"]
[SourceTitle "CB25_2025"]
[SourceDate "2025.06.18"]
[SourceVersion "1"]
[SourceVersionDate "2025.06.18"]
[SourceQuality "1"]
[WhiteTeam "Hexamind Team"]
[BlackTeam "Theme Int Trading"]
[WhiteTeamCountry "USA"]
[BlackTeamCountry "SIN"]

1. Nf3 d5 2. g3 Nd7 3. d4 Nb6 4. Nbd2 Bf5 5. Nh4 Bg4 6. h3 Bh5 7. Ng2 e6 8. Nf4 Bg6 9. Nxg6 hxg6 10. Bg2 c5 11. dxc5 Bxc5 12. e4 Nf6 13. exd5 Nbxd5 14. 0-0 Qc7 15. Qf3 b5 16. c3 0-0 17. Kh1 Rac8 18. Qe2 b4 19. c4 Ne7 20. Nf3 Nf5 21. Bf4 Qb6 22. g4 Nd4 23. Nxd4 Bxd4 24. Rad1 Rfe8 25. b3 a5 26. Rd3 e5 27. Be3 a4 28. Rfd1 axb3 29. axb3 Nd7 30. Bxd4 exd4 31. Qc2 Nc5 32. Rxd4 Qf6 33. Bd5 g5 34. Kg2 Re5 35. R4d2 g6 36. Qb2 Kg7 37. Ra1 Rc7 38. Ra5 Rc8 39. Ra7 Rf8 40. Rc7 Ne6 41. Bxe6 Rxe6 42. Qxf6+ Kxf6 43. Rb7 Ra8 44. Rxb4 Ra1 45. Rb7 Ree1 46. Rdd7 Rg1+ 47. Kf3 Rh1 48. Rxf7+ Ke6 49. Rfe7+ Kf6 50. Re3 Rxh3+ 51. Ke4 Rh2 52. Rf3+ Ke6 53. Rb6+ Ke7 54. Rxg6 Re1+ 55. Kf5 Re2 56. Re3+ 1-0

[Event "WchT Blitz Pool B"]
[Site "London"]
[Date "2025.06.14"]
[Round "6.2"]
[White "Giri, Anish"]
[Black "Mhango, Banele"]
[Result "1-0"]
[WhiteElo "2748"]
[BlackElo "2236"]
[PlyCount "63"]
[EventDate "2025.06.14"]
[EventType "team-tourn"]
[EventRounds "13"]
[EventCountry "ENG"]
[SourceTitle "CB25_2025"]
[SourceDate "2025.06.18"]
[SourceVersion "1"]
[SourceVersionDate "2025.06.18"]
[SourceQuality "1"]
[WhiteTeam "Hexamind Team"]
[BlackTeam "Mother Continent"]
[WhiteTeamCountry "USA"]
[BlackTeamCountry "RSA"]

1. e4 c5 2. Nf3 e6 3. d3 Nc6 4. g3 g6 5. Bg5 Qc7 6. Bg2 Bg7 7. c3 h6 8. Be3 d6 9. 0-0 Nf6 10. h3 0-0 11. Nbd2 e5 12. a3 Be6 13. b4 b6 14. Rc1 Qd7 15. Kh2 Rfd8 16. Re1 Rac8 17. b5 Na5 18. c4 Ne8 19. Nh4 Qe7 20. Nb1 Nc7 21. Nc3 Rf8 22. a4 Kh7 23. Bd2 Nb7 24. Nf5 Qd8 25. Nxg7 Kxg7 26. f4 Na5 27. f5 gxf5 28. exf5 Bd7 29. Qg4+ Kh7 30. Qh5 Qf6 31. Ne4 Qg7 32. Bxh6 1-0

[Event "WchT Blitz Pool B"]
[Site "London"]
[Date "2025.06.14"]
[Round "5.3"]
[White "Giri, Anish"]
[Black "Sefton, Adam"]
[Result "1-0"]
[WhiteElo "2748"]
[BlackElo "2047"]
[PlyCount "99"]
[EventDate "2025.06.14"]
[EventType "team-tourn"]
[EventRounds "13"]
[EventCountry "ENG"]
[SourceTitle "CB25_2025"]
[SourceDate "2025.06.18"]
[SourceVersion "1"]
[SourceVersionDate "2025.06.18"]
[SourceQuality "1"]
[WhiteTeam "Hexamind Team"]
[BlackTeam "UK Challenge Masters"]
[WhiteTeamCountry "USA"]
[BlackTeamCountry "ENG"]

1. e4 e6 2. d4 d5 3. e5 c5 4. c3 Nc6 5. Nf3 Bd7 6. Be2 f6 7. 0-0 fxe5 8. dxe5 Nge7 9. c4 d4 10. Re1 Ng6 11. Bd3 Qc7 12. Bg5 Be7 13. Bxg6+ hxg6 14. Qd3 Kf7 15. Bxe7 Nxe7 16. Nbd2 Rh6 17. Ne4 Nf5 18. g4 Ne7 19. Nfg5+ Kg8 20. f4 Rf8 21. Rf1 b6 22. Rae1 Nc6 23. a3 Nd8 24. b4 Nf7 25. bxc5 bxc5 26. Nxf7 Rxf7 27. Ng5 Rf8 28. Rf3 Qc6 29. Ref1 Bc8 30. Kg2 Bb7 31. Kg3 Qd7 32. R3f2 Qe7 33. h4 Qd7 34. Rb1 Re8 35. Rfb2 Ba8 36. Rb8 Rc8 37. Qb3 Kf8 38. Rxc8+ Qxc8 39. Qb8 Qxb8 40. Rxb8+ Ke7 41. Rxa8 d3 42. Rxa7+ Kd8 43. Nxe6+ Kc8 44. Rc7+ Kb8 45. Rd7 g5 46. Nxg5 d2 47. Rxd2 Rb6 48. f5 Rb3+ 49. Kf4 Rxa3 50. e6 1-0

[Event "WchT Blitz Pool B"]
[Site "London"]
[Date "2025.06.14"]
[Round "9.2"]
[White "Goh, Jinghan Cameron"]
[Black "Giri, Anish"]
[Result "0-1"]
[WhiteElo "2178"]
[BlackElo "2748"]
[PlyCount "94"]
[EventDate "2025.06.14"]
[EventType "team-tourn"]
[EventRounds "13"]
[EventCountry "ENG"]
[SourceTitle "CB25_2025"]
[SourceDate "2025.06.18"]
[SourceVersion "1"]
[SourceVersionDate "2025.06.18"]
[SourceQuality "1"]
[WhiteTeam "Oxbridge"]
[BlackTeam "Hexamind Team"]
[WhiteTeamCountry "ENG"]
[BlackTeamCountry "USA"]

1. d4 Nf6 2. c4 e6 3. g3 Bb4+ 4. Nd2 d5 5. Bg2 0-0 6. Ngf3 b6 7. 0-0 Bb7 8. a3 Be7 9. cxd5 exd5 10. b4 a5 11. b5 c6 12. Qa4 cxb5 13. Qxb5 Ba6 14. Qb2 Bxe2 15. Re1 Ba6 16. Ne5 a4 17. Nb1 Ne4 18. Nc3 Nxc3 19. Qxc3 Ra7 20. Bf4 f6 21. Nc6 Nxc6 22. Qxc6 Bc4 23. Rab1 b5 24. Bf1 Qd7 25. Qxd7 Rxd7 26. Bxc4 bxc4 27. Bc1 Kf7 28. Rb5 Ra8 29. f4 Raa7 30. f5 g6 31. g4 gxf5 32. gxf5 Rab7 33. Ra5 Rb3 34. Rxa4 Rd3 35. Ra8 Rxd4 36. a4 Rg4+ 37. Kf2 d4 38. a5 d3 39. Bd2 Rd5 40. Kf3 Rgd4 41. Ra7 Rxf5+ 42. Kg3 Re5 43. Rxe5 fxe5 44. Bg5 d2 45. Rxe7+ Kf8 46. Bxd2 Kxe7 47. Bc3 Rd3+ 0-1

[Event "WchT Rapid"]
[Site "London"]
[Date "2025.06.11"]
[Round "1.3"]
[White "Giri, Anish"]
[Black "Haydon, David Leslie"]
[Result "1-0"]
[WhiteElo "2688"]
[BlackElo "2292"]
[PlyCount "128"]
[EventDate "2025.06.11"]
[EventType "team-swiss"]
[EventRounds "12"]
[EventCountry "ENG"]
[SourceTitle "CB25_2025"]
[SourceDate "2025.06.18"]
[SourceVersion "1"]
[SourceVersionDate "2025.06.18"]
[SourceQuality "1"]
[WhiteTeam "Hexamind Team"]
[BlackTeam "Wood Green Youth"]
[WhiteTeamCountry "USA"]
[BlackTeamCountry "ENG"]

1. Nf3 Nf6 2. c4 e6 3. b3 d5 4. Bb2 Be7 5. e3 0-0 6. Nc3 c5 7. cxd5 exd5 8. d4 Nc6 9. Be2 Be6 10. 0-0 Rc8 11. dxc5 Bxc5 12. Nb5 Qe7 13. Rc1 Ne4 14. Nbd4 Ba3 15. Nxc6 bxc6 16. Qd4 Bxb2 17. Qxb2 c5 18. Rfd1 Rc7 19. h3 Qf6 20. Qxf6 Nxf6 21. Nd4 Bd7 22. Ba6 Rb8 23. Rc2 c4 24. a4 g6 25. Bb5 Kg7 26. Rdc1 Bxb5 27. Nxb5 Rc5 28. bxc4 a6 29. Nd4 Rb4 30. cxd5 Rxc2 31. Rxc2 Nxd5 32. a5 Ra4 33. Nc6 Nf6 34. g3 Ne4 35. Kg2 Nd6 36. Rd2 Nb7 37. Rd5 Rc4 38. Nd4 Ra4 39. Nc6 Rc4 40. Ne5 Rc5 41. Rxc5 Nxc5 42. Nc4 f5 43. g4 Kf6 44. gxf5 gxf5 45. Kg3 Ne4+ 46. Kf3 Nc5 47. Nd2 Ke5 48. Kg3 Kf6 49. f3 h6 50. e4 Ne6 51. f4 fxe4 52. Nxe4+ Kf5 53. Nd6+ Kf6 54. Kf3 Nd4+ 55. Ke4 Nb3 56. Nc4 Ke6 57. f5+ Kf6 58. Kf4 Nd4 59. Ne3 Nc6 60. Ng4+ Kg7 61. f6+ Kh7 62. Kf5 Nxa5 63. Ke6 Nc6 64. Kd7 Nd4 1-0

[Event "Kuressaare Saaremaa Rapid op"]
[Site "Kuressaare"]
[Date "2025.05.31"]
[Round "6"]
[White "Giri, Anish"]
[Black "Ehlvest, Jaan"]
[Result "1-0"]
[WhiteElo "2748"]
[BlackElo "2532"]
[PlyCount "79"]
[EventDate "2025.05.31"]
[EventType "swiss (rapid)"]
[EventRounds "11"]
[EventCountry "EST"]
[SourceTitle "CB28_2025"]
[SourceDate "2025.07.09"]
[SourceVersion "1"]
[SourceVersionDate "2025.07.09"]
[SourceQuality "1"]

1. e4 g6 2. d4 Bg7 3. Nc3 c6 4. Nf3 d5 5. h3 Nf6 6. e5 Ne4 7. Bd3 Nxc3 8. bxc3 c5 9. dxc5 0-0 10. 0-0 Nd7 11. Re1 Nxc5 12. Be3 Qc7 13. Bd4 Bd7 14. Rb1 b6 15. Qe2 Rac8 16. Qe3 f6 17. Re2 Ne6 18. Rbe1 Nxd4 19. cxd4 fxe5 20. dxe5 Bf5 21. Nd4 Bxd3 22. cxd3 Qd7 23. f4 e6 24. h4 Rf7 25. g3 Bf8 26. Nf3 Rc3 27. Kg2 Bc5 28. Qd2 Ra3 29. d4 Bf8 30. Rc1 h6 31. Qc2 Kg7 32. Qc6 b5 33. Qxd7 Rxd7 34. Rc6 Kf7 35. h5 gxh5 36. f5 Re7 37. Nh4 exf5 38. e6+ Kf6 39. Re5 Rxa2+ 40. Kf3 1-0

[Event "Kuressaare Saaremaa Rapid op"]
[Site "Kuressaare"]
[Date "2025.05.31"]
[Round "3"]
[White "Novik, Maxim"]
[Black "Giri, Anish"]
[Result "1/2-1/2"]
[WhiteElo "2387"]
[BlackElo "2748"]
[PlyCount "72"]
[EventDate "2025.05.31"]
[EventType "swiss (rapid)"]
[EventRounds "11"]
[EventCountry "EST"]
[SourceTitle "CB28_2025"]
[SourceDate "2025.07.09"]
[SourceVersion "1"]
[SourceVersionDate "2025.07.09"]
[SourceQuality "1"]

1. e4 c5 2. Nf3 d6 3. d4 cxd4 4. Nxd4 Nf6 5. Nc3 a6 6. Be2 e5 7. Nb3 Be7 8. Qd3 Be6 9. Be3 Nbd7 10. a4 0-0 11. a5 Rc8 12. Nd5 Bxd5 13. exd5 b5 14. axb6 Nxb6 15. Bxb6 Qxb6 16. 0-0 Qb7 17. Rfd1 Bd8 18. Rxa6 Bb6 19. Qb5 Rb8 20. Qc6 Ne4 21. Qxb7 Rxb7 22. Bd3 f5 23. Rf1 Nc5 24. Nxc5 Bxc5 25. b3 e4 26. Bc4 f4 27. Rc6 Re8 28. Re1 Bb4 29. Re2 Ra7 30. h4 Kf7 31. Kh2 Ree7 32. Kh3 h5 33. Bb5 Ra1 34. Kh2 Bc5 35. c3 e3 36. f3 Rb7 1/2-1/2

[Event "Kuressaare Saaremaa Blitz op"]
[Site "Kuressaare"]
[Date "2025.05.30"]
[Round "10"]
[White "Giri, Anish"]
[Black "Keinanen, Toivo"]
[Result "1/2-1/2"]
[WhiteElo "2748"]
[BlackElo "2532"]
[PlyCount "47"]
[EventDate "2025.05.30"]
[EventType "swiss (blitz)"]
[EventRounds "11"]
[EventCountry "EST"]
[SourceTitle "CB28_2025"]
[SourceDate "2025.07.09"]
[SourceVersion "1"]
[SourceVersionDate "2025.07.09"]
[SourceQuality "1"]

1. Nf3 d5 2. g3 Nf6 3. Bg2 e6 4. 0-0 Be7 5. c4 0-0 6. d4 c6 7. Qc2 b6 8. Rd1 Nbd7 9. Nbd2 Bb7 10. e4 c5 11. exd5 exd5 12. b3 Rc8 13. Bb2 dxc4 14. bxc4 cxd4 15. Nxd4 Bxg2 16. Kxg2 Qc7 17. Rac1 Rfd8 18. N2f3 Qb7 19. Kg1 Bc5 20. Qb3 Ne4 21. Ba3 h6 22. Bxc5 Ndxc5 23. Qa3 Rd7 24. Nf5 1/2-1/2